<?xml version="1.0" encoding="UTF-8"?><?xml-stylesheet type="text/xsl" href="static/style.xsl"?><OAI-PMH xmlns="http://www.openarchives.org/OAI/2.0/" xmlns:xsi="http://www.w3.org/2001/XMLSchema-instance" xsi:schemaLocation="http://www.openarchives.org/OAI/2.0/ http://www.openarchives.org/OAI/2.0/OAI-PMH.xsd"><responseDate>2026-04-17T02:43:48Z</responseDate><request verb="GetRecord" identifier="oai:www.recercat.cat:2072/96986" metadataPrefix="marc">https://recercat.cat/oai/request</request><GetRecord><record><header><identifier>oai:recercat.cat:2072/96986</identifier><datestamp>2024-12-13T09:13:56Z</datestamp><setSpec>com_2072_96875</setSpec><setSpec>com_2072_96852</setSpec><setSpec>com_2072_2015</setSpec><setSpec>col_2072_96876</setSpec></header><metadata><record xmlns="http://www.loc.gov/MARC21/slim" xmlns:dcterms="http://purl.org/dc/terms/" xmlns:xsi="http://www.w3.org/2001/XMLSchema-instance" xmlns:doc="http://www.lyncode.com/xoai" xsi:schemaLocation="http://www.loc.gov/MARC21/slim http://www.loc.gov/standards/marcxml/schema/MARC21slim.xsd">
   <leader>00925njm 22002777a 4500</leader>
   <datafield ind2=" " ind1=" " tag="042">
      <subfield code="a">dc</subfield>
   </datafield>
   <datafield ind2=" " ind1=" " tag="720">
      <subfield code="a">Cervera-Farré, Albert</subfield>
      <subfield code="e">author</subfield>
   </datafield>
   <datafield ind2=" " ind1=" " tag="520">
      <subfield code="a">A través dels seus serveis de gestió documental a les aules de la Universitat Oberta de Catalunya (Universitat Oberta de Catalunya, UOC), la Biblioteca de la UOC actua com un veritable facilitador de l'aprenentatge i l'ensenyament i té un paper central en el model de aprenentatge de la universitat. A més a més, serveix com un model a seguir per altres biblioteques universitàries en termes del que s'espera d'elles en el marc del nou Espai Europeu d'Educació Superior (EEES) i la creixent necessitat que funcionin com a centres de recursos d'aprenentatge. Contribuint a l'èxit de la biblioteca, el model d'aprenentatge i ensenyament de la UOC crea un entorn d'aprenentatge virtual i asíncron per als estudiants, i permet a la biblioteca de la UOC ser present en totes les seves aules.</subfield>
   </datafield>
   <datafield ind2=" " ind1=" " tag="520">
      <subfield code="a">A través de sus servicios de gestión documental en las aulas de la Universitat Oberta de Catalunya (Universitat Oberta de Catalunya, UOC), la Biblioteca de la UOC actúa como un verdadero facilitador del aprendizaje y la enseñanza y desempeña un papel central en el modelo de aprendizaje de la universidad. Además, sirve como un modelo a seguir para otras bibliotecas universitarias en términos de lo que se espera de ellas en el marco del nuevo Espacio Europeo de Educación Superior (EEES) y la creciente necesidad de que funcionen como centros de recursos de aprendizaje. Contribuyendo al éxito de la biblioteca, el modelo de aprendizaje y enseñanza de la UOC crea un entorno de aprendizaje virtual y asíncrono para los estudiantes, y permite a la biblioteca de la UOC estar presente en todas sus aulas.</subfield>
   </datafield>
   <datafield ind2=" " ind1=" " tag="520">
      <subfield code="a">Through its document management services in Universitat Oberta de Catalunya (Open University of Catalonia, UOC) classrooms, the UOC Library acts as a true learning and teaching facilitator and plays a central role in the university's learning model. Moreover, it serves as a role model for other university libraries in terms of what is expected of them under the new European Higher Education Area (EHEA) framework and the increasing need for them to operate as learning resource centers. Contributing to the library's success is the Virtual Campus, UOC's learning and teaching model that creates a virtual and asynchronous learning environment for students, and allows the UOC's library to be present in all of its classrooms.</subfield>
   </datafield>
   <datafield ind1="8" ind2=" " tag="024">
      <subfield code="a">Cervera, Albert (2010). "Document Management in the Open University of Catalunya (UOC) Classrooms". D-Lib Magazine, July/August, vol. 16, num. 7/8.</subfield>
   </datafield>
   <datafield ind1="8" ind2=" " tag="024">
      <subfield code="a">1082-9873</subfield>
   </datafield>
   <datafield ind1="8" ind2=" " tag="024">
      <subfield code="a">10.1045/july2010-cervera</subfield>
   </datafield>
   <datafield ind1="8" ind2=" " tag="024">
      <subfield code="a">http://hdl.handle.net/10609/2281</subfield>
   </datafield>
   <datafield tag="653" ind2=" " ind1=" ">
      <subfield code="a">Biblioteques universitàries</subfield>
   </datafield>
   <datafield tag="653" ind2=" " ind1=" ">
      <subfield code="a">Ensenyament a distància</subfield>
   </datafield>
   <datafield tag="653" ind2=" " ind1=" ">
      <subfield code="a">Ensenyament virtual</subfield>
   </datafield>
   <datafield tag="653" ind2=" " ind1=" ">
      <subfield code="a">Gestió de la informació</subfield>
   </datafield>
   <datafield tag="653" ind2=" " ind1=" ">
      <subfield code="a">Gestió documental</subfield>
   </datafield>
   <datafield tag="653" ind2=" " ind1=" ">
      <subfield code="a">Bibliotecas universitarias</subfield>
   </datafield>
   <datafield tag="653" ind2=" " ind1=" ">
      <subfield code="a">Enseñanza a distancia</subfield>
   </datafield>
   <datafield tag="653" ind2=" " ind1=" ">
      <subfield code="a">Enseñanza virtual</subfield>
   </datafield>
   <datafield tag="653" ind2=" " ind1=" ">
      <subfield code="a">Gestión de la información</subfield>
   </datafield>
   <datafield tag="653" ind2=" " ind1=" ">
      <subfield code="a">Gestión documental</subfield>
   </datafield>
   <datafield tag="653" ind2=" " ind1=" ">
      <subfield code="a">University libraries</subfield>
   </datafield>
   <datafield tag="653" ind2=" " ind1=" ">
      <subfield code="a">Distance education</subfield>
   </datafield>
   <datafield tag="653" ind2=" " ind1=" ">
      <subfield code="a">e-teaching</subfield>
   </datafield>
   <datafield tag="653" ind2=" " ind1=" ">
      <subfield code="a">e-learning</subfield>
   </datafield>
   <datafield tag="653" ind2=" " ind1=" ">
      <subfield code="a">Information management</subfield>
   </datafield>
   <datafield tag="653" ind2=" " ind1=" ">
      <subfield code="a">Document management</subfield>
   </datafield>
   <datafield tag="653" ind2=" " ind1=" ">
      <subfield code="a">Digital libraries</subfield>
   </datafield>
   <datafield tag="653" ind2=" " ind1=" ">
      <subfield code="a">Universitat Oberta de Catalunya. Biblioteca</subfield>
   </datafield>
   <datafield tag="653" ind2=" " ind1=" ">
      <subfield code="a">Distance education</subfield>
   </datafield>
   <datafield tag="653" ind2=" " ind1=" ">
      <subfield code="a">Academic libraries -- Electronic information resources</subfield>
   </datafield>
   <datafield tag="653" ind2=" " ind1=" ">
      <subfield code="a">Biblioteques digitals</subfield>
   </datafield>
   <datafield tag="653" ind2=" " ind1=" ">
      <subfield code="a">Universitat Oberta de Catalunya. Biblioteca</subfield>
   </datafield>
   <datafield tag="653" ind2=" " ind1=" ">
      <subfield code="a">Ensenyament a distància</subfield>
   </datafield>
   <datafield tag="653" ind2=" " ind1=" ">
      <subfield code="a">Biblioteques universitàries -- Recursos electrònics en xarxa</subfield>
   </datafield>
   <datafield tag="653" ind2=" " ind1=" ">
      <subfield code="a">Bibliotecas digitales</subfield>
   </datafield>
   <datafield tag="653" ind2=" " ind1=" ">
      <subfield code="a">Universitat Oberta de Catalunya. Biblioteca</subfield>
   </datafield>
   <datafield tag="653" ind2=" " ind1=" ">
      <subfield code="a">Enseñanza a distancia</subfield>
   </datafield>
   <datafield tag="653" ind2=" " ind1=" ">
      <subfield code="a">Bibliotecas universitarias -- Recursos electrónicos en red</subfield>
   </datafield>
   <datafield ind2="0" ind1="0" tag="245">
      <subfield code="a">Document Management in the Open University of Catalunya (UOC) Classrooms</subfield>
   </datafield>
</record></metadata></record></GetRecord></OAI-PMH>